Newnes building services pocket book (Record no. 103164)

MARC details
000 -LEADER
fixed length control field 01580cam a2200481 4500
008 - FIXED-LENGTH DATA ELEMENTS--GENERAL INFORMATION
fixed length control field 031029n2003 000 0 eng u
020 ## - INTERNATIONAL STANDARD BOOK NUMBER
International Standard Book Number 0750657855
035 ## - SYSTEM CONTROL NUMBER
System control number (Sirsi) u124135
041 ## - LANGUAGE CODE
Language code of text/sound track or separate title eng
050 ## - LIBRARY OF CONGRESS CALL NUMBER
Classification number 696
-- 18
100 ## - MAIN ENTRY--PERSONAL NAME
Personal name Knight, John
245 ## - TITLE STATEMENT
Title Newnes building services pocket book
250 ## - EDITION STATEMENT
Edition statement 2nd ed.
260 ## - PUBLICATION, DISTRIBUTION, ETC.
Place of publication, distribution, etc. Oxford
Name of publisher, distributor, etc. Newnes
Date of publication, distribution, etc. 2003
300 ## - PHYSICAL DESCRIPTION
Extent ix, 407p.
Dimensions 20cm
350 ## - PRICE (NR) (BK AM CF MU VM SE) [OBSOLETE]
Price 15.99
505 ## - FORMATTED CONTENTS NOTE
Formatted contents note Energy and environmental considerations
505 ## - FORMATTED CONTENTS NOTE
Formatted contents note Heating system design
505 ## - FORMATTED CONTENTS NOTE
Formatted contents note Air conditioning and ventilation
505 ## - FORMATTED CONTENTS NOTE
Formatted contents note Automatic controls
505 ## - FORMATTED CONTENTS NOTE
Formatted contents note Control applications
505 ## - FORMATTED CONTENTS NOTE
Formatted contents note Fans and their characteristics
505 ## - FORMATTED CONTENTS NOTE
Formatted contents note Ductwork design
505 ## - FORMATTED CONTENTS NOTE
Formatted contents note Refrigeration
505 ## - FORMATTED CONTENTS NOTE
Formatted contents note Heat rejection
505 ## - FORMATTED CONTENTS NOTE
Formatted contents note Pipework design for closed water circuits
505 ## - FORMATTED CONTENTS NOTE
Formatted contents note Fire protection
505 ## - FORMATTED CONTENTS NOTE
Formatted contents note Coldwater services
505 ## - FORMATTED CONTENTS NOTE
Formatted contents note Hotwater services
505 ## - FORMATTED CONTENTS NOTE
Formatted contents note Building drainage
505 ## - FORMATTED CONTENTS NOTE
Formatted contents note Sanitary plumbing
505 ## - FORMATTED CONTENTS NOTE
Formatted contents note Roof drainage
520 ## - SUMMARY, ETC.
Summary, etc. A compendium of data, techniques and procedures, best practice and background information aimed at engineers involved in the design and day-to-day running of mechanical services in buildings, as well as managers, students and engineers in related fields.
650 ## - SUBJECT ADDED ENTRY--TOPICAL TERM
Topical term or geographic name entry element BUILT ENVIRONMENT-BUILDING ELEMENTS
650 ## - SUBJECT ADDED ENTRY--TOPICAL TERM
Topical term or geographic name entry element SERVICE ENGINEERS
650 ## - SUBJECT ADDED ENTRY--TOPICAL TERM
Topical term or geographic name entry element SERVICES
690 ## - LOCAL SUBJECT ADDED ENTRY--TOPICAL TERM (OCLC, RLIN)
Topical term or geographic name as entry element Block management
9 (RLIN) 6220
700 ## - ADDED ENTRY--PERSONAL NAME
Personal name Jones, Peter
700 ## - ADDED ENTRY--PERSONAL NAME
Personal name Prentice, Ted
700 ## - ADDED ENTRY--PERSONAL NAME
Personal name Boulton, Bruce
700 ## - ADDED ENTRY--PERSONAL NAME
Personal name James, Mike
942 ## - ADDED ENTRY ELEMENTS (KOHA)
Suppress in OPAC 0
Holdings
Withdrawn status Lost status Source of classification or shelving scheme Damaged status Not for loan Home library Current library Shelving location Date acquired Cost, normal purchase price Total Checkouts Full call number Barcode Date last seen Date last checked out Copy number Cost, replacement price Price effective from Koha item type
    Other/Generic Classification Scheme     London London Books 03/02/2004 13.59 10 696 KNI 30068998 06/08/2019 01/10/2009 1 13.59 06/08/2019 Book